| 000 | 02845cam a22004574i 4500 | ||
|---|---|---|---|
| 003 | PE-LiUPU | ||
| 005 | 20250731172903.0 | ||
| 008 | 150706s r 000 0 d | ||
| 020 | _a3161502353 | ||
| 020 | _a9783161502354 | ||
| 035 | _a(Sirsi) a166094 | ||
| 040 |
_aPE-LiUPU _bspa _cPE-LiUPU _erda |
||
| 049 | _aPRUA | ||
| 082 | 0 | 4 |
_a233.11 _bC5 _223 |
| 245 | 0 | 4 |
_aChildren in late ancient Christianity / _cedited by Cornelia B. Horn and Robert R. Phenix. |
| 264 | 1 |
_aTübingen : _bMohr Siebeck, _c2009. |
|
| 300 |
_aXXVI, 497 páginas ; _c24 centímetros. |
||
| 336 |
_atext _2rdacontent |
||
| 337 |
_aunmediated _2rdamedia |
||
| 338 |
_avolume _2rdacarrier |
||
| 505 | 0 |
_aUncovering children's culture in late antiquity : the testimony of the Infancy gospel of Thomas / _rReidar Aasgaard -- "Social viewing" of children in the childhood stories of Jesus / _rTony Burke -- Baptized infants and pagan rituals : Cyprian versus Augustine / _rInta Ivanovska -- Mother-child bonding in the Greek and Latin Fathers of the Church / _rCarole Monica C. Burnett -- Children in fourth-century Greek epistolography : Cappadocian perspectives from the pens of Gregory Nazianzen and Basil of Caesarea / _rCornelia B. Horn -- Sick children and healing saints : medical treatment of the child in Christian antiquity / _rSusan R. Holman -- Approaches to the study of sick children and their healing : Christian apocryphal acts, gospels, and cognate literatures / _rCornelia B. Horn -- The deformed child in ancient Christianity / _rNicole Kelley -- "Do not sexually abuse children" : the language of early Christian sexual ethics / _rJohn W. Martens -- Choosing asceticism : children and parents, vows and conflicts / _rVille Vuolanto -- Raising martyrs and ascetics : a diachronic comparison of educational role-models for early Christian children / _rCornelia B. Horn -- Children and Egyptian monasticism / _rCarrie Schroeder -- Papyrological perspectives on orphans in the world of late ancient Christianity / _rChrysi Kotsifou -- The contribution of social science research to the study of children and childhood in pre-modern Ethiopia / _rRobert Phenix. |
|
| 526 | _aSEG42 | ||
| 526 | _aSEG41 | ||
| 526 | _aSEG40 | ||
| 526 | _aSEG39 | ||
| 526 | _aP94 | ||
| 526 | _aP87 | ||
| 526 | _aP86 | ||
| 526 | _aP85 | ||
| 526 | _aP77 | ||
| 526 | _aP76 | ||
| 526 | _aP35 | ||
| 650 | 0 | 4 |
_aNiños _xAspectos religiosos _xCristianismo. |
| 700 | 1 |
_aHorn, Cornelia B., _eeditor |
|
| 700 | 1 |
_aPhenix, Robert R., _eeditor. |
|
| 942 |
_2ddc _cBOOK |
||
| 994 |
_aC0 _bPEPRU |
||
| 596 | _a1 | ||
| 999 |
_a233.11 C5 _wLC _c14833 _i75228 _d14833 _f2021-11-10 _g5 _lCCODEBUL1 _mBUL _q1 _r0 _sY _tBOOK _u2017-1-16 _xTEOLOGIA _PP85 _0COMPRA _o.STAFF. Colección Teología |
||
| 980 |
_81 _gALBERTO SANCHEZ Responsable de Automatización |
||